00534 a2200169 4500010001400000020002600014035001300040037001500053082001100068100002600079245010600105260004400211270004800255300002500303500001900328700001700347 aENG-86578 a9788120331990c195.00 aEN-70111 bDBAD / PUB14a300.21 aAsthana, Hari Shankar1 aStatistics for social science :cby Hari Shankar Asthana [and] Braj Bhushanbwith SPSS applications / aNew DelhibPrentice-Hall of Indiac2007 aM-97, Connaught Circus,bNew Delhie110 001 aix, 213pc23cm (pbk) aIncludes index aBraj Bhushan